000 00908nam a2200241 i 4500
001 bg
100 1 _aGIERGIEL, Józef
_d(1931- )
245 1 0 _aDrgania mechaniczne układów dyskretnych :
_bteoria, przykłady, zadania /
_cJózef Giergiel.
260 _aRzeszów :
_bOficyna Wydawnicza Politechniki Rzeszowskiej,
_c2004.
300 _a301, [1] s. :
_bil. ;
_c24 cm.
504 _aBibliogr.
521 _aSkrypt dla studentów Wydziału Budowy Maszyn i Lotnictwa do wykładów, ćwiczeń i zajęć projektowych z przedmiotów: "drgania mechaniczne", "teoria maszyn i mechanizmów", "mechatronika" i "podstawy robotyki".
650 9 _aDrgania
650 9 _aMaple
_xstosowanie
655 _aPodręczniki akademickie
020 _a8371992998
040 _cBPK
041 0 _apol
080 _a534:004.42](075.8)
920 _a83-7199-299-8
942 _cKS
008 s pl f |000 0 pol
999 _c44736
_d44736
856 _uhttp://koha.tu.koszalin.pl/cgi-bin/koha/opac-detail.pl?biblionumber=44736
_yKatalog online BPK